Pierce The Veil - Circles Lyrics - Statistics

General Stats
  • This quiz has been taken 252 times
    239 since last reset
  • The average score is 211 of 280
Answer Stats
Lyric % Correct
to
99%
you
99%
You
99%
and
98%
And
98%
we
98%
I
97%
my
97%
the
97%
Do
95%
your
95%
both
94%
Both
94%
no
94%
running
94%
go
93%
go!
93%
in
93%
start
93%
hand
92%
too
92%
took
92%
started
91%
hear
90%
Then
89%
then
89%
Don't
88%
don't
88%
circles
87%
Circles
87%
heart
87%
place
87%
beat
86%
Listen
83%
there's
83%
ever
82%
Save
82%
back
80%
look
80%
yourself
80%
Another
77%
eyes
77%
close
76%
without
76%
over
75%
Over
75%
bullet
74%
thump
74%
of
73%
round
71%
around
69%
pretend
69%
hesitating
66%
breathe
64%
life?
64%
life
64%
Pieces
64%
candy
62%
spin
62%
oh
60%
Oh
60%
on
59%
Hey
58%
it
58%
Woah
58%
light
57%
monitors?
57%
what's
54%
real
53%
cry
52%
mind?
52%
woah
52%
Woah
52%
is
51%
said
50%
this
50%
leaks
49%
me
49%
think
49%
Creeping
48%
it's
48%
so
46%
through
46%
about
45%
alright
45%
never
45%
leave
44%
Paint
43%
weekend
43%
side
42%
these
42%
love
41%
Nowhere
41%
Paper
41%
floor
40%
dead
38%
make
38%
I'll
37%
hearts
36%
fly
35%
We'll
35%
end
34%
find
34%
Heaven's
34%
waiting
34%
begin
31%
labyrinths
31%
exit
29%
Screaming
27%
heads
26%
our
26%
ash
25%
let's
24%
read
24%
signs
24%
while
23%
But
22%
turned
20%
No matching quizzes found
Score Distribution
Percent of People with Each Score
Percentile by Number Answered
Your Score History
You have not taken this quiz since the last reset